Banderas de America del sur - Estadísticas

Estadísticas generales
  • Esta prueba ha sido intentada 950 veces
  • La puntuación promedio es 11 de 13
Estadísticas de respuestas
Imagen Respuesta % Correcto
Argentina
99%
Chile
98%
Peru
97%
Uruguay
96%
Brasil
94%
Colombia
92%
Venezuela
92%
Bolivia
91%
Ecuador
90%
Paraguay
90%
Guyana
84%
Surinam
81%
Guayana francesa
27%
No se encontraron pruebas coincidentes
Distribución de puntuación
Porcentaje de gente con cada puntuación
Porcentaje por número respondido
Historial de tus puntuaciones
No has intentado esta prueba.